Introduction to soft matter : polymers, colloids amphiphiles, and liquid crystals
Αποθηκεύτηκε σε:
| Κύριος συγγραφέας: | |
|---|---|
| Μορφή: | Βιβλίο |
| Γλώσσα: | English |
| Δημοσίευση: |
Chichester : New York :
Wiley,
c2000
|
| Θέματα: | |
| Ετικέτες: |
Προσθήκη ετικέτας
Δεν υπάρχουν, Καταχωρήστε ετικέτα πρώτοι!
|
MARC
| LEADER | 00000nam a2200000 i 4500 | ||
|---|---|---|---|
| 001 | 1/78178 | ||
| 008 | 050608s2000 eng d | ||
| 020 | |a 0-471-89952-6 | ||
| 035 | |l 10078436 | ||
| 040 | |a GR-MY-UA |b gre |e aacr | ||
| 041 | 0 | |a eng | |
| 082 | 0 | |a 547.7 |2 (22) | |
| 100 | 1 | |a Hamley, Ian W. | |
| 245 | 1 | 0 | |a Introduction to soft matter : |b polymers, colloids amphiphiles, and liquid crystals / |c Ian W. Hamley |
| 260 | |a Chichester : |a New York : |b Wiley, |c c2000 | ||
| 300 | |a vi, 342 σ.; |b εικ.; |c 22 εκ. | ||
| 504 | |a Περιλαμβάνει βιβλιογραφικές αναφορές και ευρετήριο | ||
| 650 | 0 | 0 | |a Polymers. |
| 650 | 0 | 0 | |a Colloids. |
| 852 | |a INST |b CHIOS |e 20050608 |h 547.7 HAM |p 005200021690 |q 005200021690 |t BK |y 0 | ||
| 901 | |a BIBL2-2005-2 | ||
| 909 | |a Χ |b 118770 | ||
| 920 | |a ΔΙΕΥΡΥΝΣΗ |b ΕΠΕΑΕΚ-ΤΜΟΔ |y ΧΙΟΣ |z 2004-12 | ||
| 970 | |a ΧΑΖΙΡΗ |b ΑΝΝΑ |z 2005/05/08 | ||